000 00419nam a2200133Ia 4500
008 151001s9999||||xx |||||||||||||| ||und||
100 _aउषादेवी विजय कोल्हाटकर
245 _aएका मुकीची बोलकी कहाणी
250 _a1
260 _bसंजय प्रकाशन पुणे
260 _c1979
300 _a175
365 _b18
999 _c966171
_d966168